000 00223nam a22000857a 4500
008 160917b xxu||||| |||| 00| 0 eng d
100 _9631
_aNagaraj.G
245 _aGrammer Express-3
260 _aNew Delhi
_bFrank Publications
_c2012
999 _c3290
_d3290